Welcome to CU Library Online Public Access Catalogue (OPAC)

DIALECTICS OF EVANGELIZATION (Record no. 6235)

MARC details
000 -LEADER
fixed length control field 00490nam a22001457a 4500
005 - DATE AND TIME OF LATEST TRANSACTION
control field 20250603173000.0
008 - FIXED-LENGTH DATA ELEMENTS--GENERAL INFORMATION
fixed length control field 250603b |||||||| |||| 00| 0 eng d
020 ## - INTERNATIONAL STANDARD BOOK NUMBER
International Standard Book Number 9964782861
050 ## - LIBRARY OF CONGRESS CALL NUMBER
Classification number BV2550
Item number YAM
100 ## - MAIN ENTRY--PERSONAL NAME
Personal name YAMBASU, SAHR JOHN
245 ## - TITLE STATEMENT
Title DIALECTICS OF EVANGELIZATION
Remainder of title A Critical Examination of Methodist Evangelization of the Mende people in Sierra Leone
Statement of responsibility, etc. SAHR JOHN YAMBASU
260 ## - PUBLICATION, DISTRIBUTION, ETC.
Place of publication, distribution, etc. ACCRA
Name of publisher, distributor, etc. LEGON THEOLOGICAL STUDIES
Date of publication, distribution, etc. c2002
300 ## - PHYSICAL DESCRIPTION
Extent xvi.; 288p,;
942 ## - ADDED ENTRY ELEMENTS (KOHA)
Source of classification or shelving scheme Library of Congress Classification
Koha item type Books
Suppress in OPAC No
999 ## -
-- 6235
-- 6235
Holdings
Withdrawn status Lost status Source of classification or shelving scheme Damaged status Not for loan Collection Home library Current library Shelving location Date acquired Total checkouts Full call number Barcode Date last seen Copy number Price effective from Koha item type
    Library of Congress Classification     Non-fiction Undergraduate Library (Christ Temple) Undergraduate Library (Christ Temple) General stacks 06/03/2025   BV 2550 YAM ulct00002967 06/03/2025 1 06/03/2025 Books
© 2023-2024 Copyright: Central University Libraries. All Rights Reserved | Created by: Mahone Tech Office